000
00256nam a2200109Ia 4500
008
220216s9999 xx 000 0 und d
100
_a
Marattukalam J G
245
0
_a
Rubber from deserts
260
_b
Rubber Reporter
_c
1983
300
_a
59-61
942
_c
JS
999
_c
67610
_d
67610